000 00384 a2200169 4500
001 49980
020 _a851604274X
040 _cAnchieta - Bela Vista
100 _aQueirós, Bartolomeu Campos de
240 1 0 _aDe letra em letra
_lpor
245 1 0 _aDe letra em letra
300 _a31
362 0 _a2004
440 1 _aModerna
650 4 _aLiteratura infanto-juvenil
942 _cBK
999 _c49980
_d49980